01250nam a2200301Ia 4500001001200000003000800012006001900020007001500039008004100054010001700095020003200112020001500144040002100159035002000180050002700200110004000227245012700267260005500394300002400449504005100473533015200524650004200676650003900718655002900757710001700786856012600803999001900929ebr10055028CaPaEBRm u cr cn|||||||||001008s1994 dcuc sb 001 0ceng d z 45734000  z0585273154 (electronic bk.) z0309049768 aCaPaEBRcCaPaEBR a(OCoLC)4573400014aQ141b.N38 v.63 1994eb2 aNational Academy of Sciences (U.S.)10aBiographical memoirs.nVolume 63 /h[electronic resource] /cNational Academy of Sciences of the United States of America. aWashington, D.C. :bNational Academy Press,c1994. ax, 536 p. :bports. aIncludes bibliographical references and index. aElectronic reproduction.bPalo Alto, Calif. :cebrary,d2009.nAvailable via World Wide Web.nAccess may be limited to ebrary affiliated libraries. 0aScientistszUnited StatesvBiography. 0aSciencezUnited StatesvBiography. 7aElectronic books.2local2 aebrary, Inc.40uhttp://site.ebrary.com/lib/rucke/Doc?id=10055028zAn electronic book accessible through the World Wide Web; click to view c165744d165744